Rozlišujeme odchov, výkrm a dokrm hydiny

Bibliographic Details
Main Author: Okáľ, Albín (Author)
Format: Article
Language:Slovak
Subjects:

MARC

LEADER 00000nab a2200000 a 4500
001 vtls000034800
003 SK-MaSNL
005 20260303023510.0
008 140328c1979 xo 0 slo
015 |a SNBRB19rr/mm-uuuuu 
035 |a CL0044895 
040 |a SNKBUCL  |b slo  |c SNKBUCL  |e AACR2 
041 0 |a slo 
044 |a xo  |c SK 
080 |a 636.5  |2 1981 
080 |a 636.08  |2 1981 
100 1 |a Okáľ, Albín  |4 aut  |9 597537 
245 1 0 |a Rozlišujeme odchov, výkrm a dokrm hydiny  |c A. Okáľ 
650 0 7 |a hydina  |2 snkbucl  |9 2747 
655 7 |a články z novín a časopisov  |2 snkbucl  |9 267496 
773 0 |t Záhradkár chovateľ  |g Roč. 15, č. 7 (1979), s. 270 
850 |a Slovenská národná knižnica v Martine  |a MTA001 
852 |a SNK  |b KIS3GCP 
958 |a RK 
992 |a RBX 
999 |c 1634856  |d 1636786